000 00441nam a2200205Ia 4500
001 14459
003 GE_BSU
008 181216s||||||||xx |||||||||||||| ||und||
020 _a9780141019376
040 _cGE_BSU
080 _a821.111-3
100 _aKeyes,Marian
245 _aAnybody Out There
260 _aLondon
260 _bPenguin Books
260 _c2006
300 _a592p.19cm.
653 _aAnybody Out There
942 _cBK
999 _c47592
_d47592